000 00555nam a22002177a 4500
999 _c5672
_d5672
001 5672
003 BD-JhCC
005 20171219181101.0
008 171219b xxu||||| |||| 00| 0 eng d
035 _a(BD-JhCC) 5672
040 _aBD-JhCC
_dBD-JhCC
041 _aeng
082 _a541
_bALI 1966
100 _aALI, KHUNDKAR ANWAR
245 _aELEMENTARY PHYSICAL CHEMISTRY /
_c KHUNDKAR ANWAR ALI
260 _aDHAKA :
_bMULLICK BROTHERS DHAKA
300 _a208 p .:
_c22 cm .
650 _aPHYSICAL CHEMISTRY
942 _2ddc
_cBK